Law relating to receivers, managers and administrators (Record no. 107715)

MARC details
000 -LEADER
fixed length control field 00390cam a22001575a 4500
001 - CONTROL NUMBER
control field L141636
008 - FIXED-LENGTH DATA ELEMENTS--GENERAL INFORMATION
fixed length control field 071207s2006 xxk f 000 0 eng d
020 ## - INTERNATIONAL STANDARD BOOK NUMBER
International Standard Book Number 9781845922108
035 ## - SYSTEM CONTROL NUMBER
System control number (Sirsi) u141636
041 0# - LANGUAGE CODE
Language code of text/sound track or separate title eng
100 1# - MAIN ENTRY--PERSONAL NAME
Personal name Picarda,H
245 00 - TITLE STATEMENT
Title Law relating to receivers, managers and administrators
260 ## - PUBLICATION, DISTRIBUTION, ETC.
Name of publisher, distributor, etc. Tottel
Date of publication, distribution, etc. 2006
651 #4 - SUBJECT ADDED ENTRY--GEOGRAPHIC NAME
Geographic name ENGLAND AND WALES
942 ## - ADDED ENTRY ELEMENTS (KOHA)
Suppress in OPAC 0

No items available.